| 000 | 01098nac a22003850a 4500 | ||
|---|---|---|---|
| 001 | UByD001473 | ||
| 003 | AR-LpoUNG | ||
| 005 | 20240823092206.0 | ||
| 008 | 230511s2022||||ag |||||||||||||||||spa d | ||
| 020 | _a9789506585198 | ||
| 040 |
_aAR-LpoUNG _bspa _eaacr |
||
| 041 | _aspa | ||
| 044 | _aag | ||
| 082 | 0 | _aR911.82 432v1 | |
| 100 | 1 |
_aVelázquez, Guillermo _edir. |
|
| 245 | 1 | 0 |
_aAtlas histórico y geográfico de la Argentina : _bcalidad de vida I |
| 250 | _a1ra. ed. | ||
| 260 |
_aTandil : _bUniversidad Nacional del Centro de la Provincia de Buenos Aires, _c2022. |
||
| 300 |
_a687 p. : _btbls., gráfs., fot., mapas. |
||
| 650 | 4 | _aANALISIS HISTORICO | |
| 650 | 4 | _aARGENTINA | |
| 650 | 4 | _aASPECTOS GEOGRAFICOS | |
| 650 | 4 | _aANTROPOLOGIA | |
| 650 | 4 | _aASPECTOS DEMOGRAFICOS | |
| 650 | 4 | _aPOBLACION | |
| 650 | 4 | _aCOMPOSICION DE LA POBLACION | |
| 650 | 4 | _aCALIDAD DE LA VIDA | |
| 650 | 4 | _aCONDICIONES DE VIDA | |
| 650 | 4 | _aNECESIDADES BASICAS | |
| 650 | 4 | _aHISTORIA SOCIAL | |
| 650 | 4 | _aGEOGRAFIA | |
| 650 | 4 | _aMAPAS | |
| 905 | _a14311 | ||
| 942 |
_cLSALA _2ddc |
||
| 999 |
_c63983 _d63983 |
||